| 000 | 00534nam a22001817a 4500 | ||
|---|---|---|---|
| 999 |
_c11709 _d11709 |
||
| 003 | AR-CdUCM | ||
| 008 | 190404b ||||| |||| 00| 0 spa d | ||
| 040 |
_aMUNICIPALIDAD PROVINCIAL DEL CUSCO _cBIBLIOTECA MUNICIPAL DEL CUSCO |
||
| 082 |
_a865.3 / _bV17 / 1948 |
||
| 100 |
_aValcarcel, Gustavo _9737 |
||
| 245 | _aSus mejores poemas / | ||
| 260 |
_aLima : _bSan Marcos, _c1948. |
||
| 300 |
_a139 páginas ; _c17 cm. |
||
| 650 |
_aPoemas. _9929 |
||
| 650 |
_aPoesía peruana. _9806 |
||
| 942 |
_2ddc _cLIBROS |
||
| 945 |
_awfj _d2019-04-04 |
||